[Event "7th Rector Cup"]
[Site "Kharkiv UKR"]
[Date "2005.04.27"]
[Round "8"]
[White "Andreikin,D"]
[Black "Averjanov,A"]
[Result "1/2-1/2"]
[WhiteElo "2495"]
[BlackElo "2381"]

1.e4 c5 2.Nf3 d6 3.Bb5+ Bd7 4.Bxd7+ Qxd7 5.c4 Nf6 6.Nc3 g6 7.d4 cxd4 8.Nxd4 Bg7
9.f3 O-O 10.Be3 Rc8 11.b3 Nc6 12.O-O Qd8 13.Qd2 Qa5 14.Rac1 Nd7 15.Kh1 a6
16.Rfd1 Nxd4 17.Bxd4 Bxd4 18.Qxd4 Nf6 19.f4 Qc5 20.e5 Ng4 21.Qxc5 Rxc5 22.Ne4 Rc6
23.h3 f5 24.hxg4 fxe4 25.exd6 Rxd6 26.Rxd6 exd6 27.Rd1 Re8 28.Rxd6 e3 29.Rd1 b5
30.c5 b4 31.Kg1 e2 32.Re1 Rc8 33.Rxe2 Rxc5 34.g5 Kf7 35.g3 a5 36.Kg2 Rc3
37.Kh3 a4 38.bxa4 Ra3 39.Kg4 Rxa4 40.Rh2 Kg7 41.Rb2 Ra3 42.Kh3 Kf7 43.Kg4 Kg7
44.Kh4 Kf7 45.Kh3 Kg7 46.Kh4 Kf7 47.g4 Ke6 48.f5+ gxf5 49.Re2+ Kf7 50.gxf5 b3
51.axb3 Rxb3 52.Ra2 Rb1 53.Ra7+ Kg8 54.Kg4 Rf1 55.Rc7 Rf2 56.Rc1 Kf7 57.Rc7+ Kg8
58.f6 Rg2+ 59.Kf4 Rf2+ 60.Kg3 Rf1 61.Rg7+ Kh8 62.Kg4 Rf2 63.Ra7 Kg8 64.Ra8+ Kf7
65.Ra7+ Kg8 66.Kg3 Rf1 67.Rd7 h6 68.Rd8+ Kh7 69.Kg4 hxg5 70.Kxg5 Rf2 71.Ra8 Rf1
72.Rb8 Rf2 73.Ra8 Rf1 74.Ra7+ Kg8 75.Kg6 Rg1+ 76.Kf5 Rf1+ 77.Ke6 Re1+ 78.Kd6 Kf8
79.Re7 Rxe7 80.fxe7+ Ke8 81.Ke6  1/2-1/2

[Event "Open A"]
[Site "Djakovo CRO"]
[Date "2005.05.02"]
[Round "3"]
[White "Nevednichy,V"]
[Black "Jankovic,A"]
[Result "1-0"]
[WhiteElo "2566"]
[BlackElo "2480"]

1.e4 c5 2.Nf3 d6 3.Bb5+ Bd7 4.Bxd7+ Qxd7 5.O-O Nf6 6.Qe2 Nc6 7.c3 g6 8.d4 cxd4
9.cxd4 d5 10.e5 Ne4 11.Be3 Bg7 12.Ne1 h6 13.Nd3 Ng5 14.Nc5 Qc8 15.Nc3 O-O
16.f4 Ne6 17.Nxd5 Rd8 18.Nxe6 fxe6 19.Nc3 Nxd4 20.Qf2 Qc4 21.Rad1 Nc6 22.Qc2 Kf7
23.Qe4 Qxe4 24.Nxe4 Nb4 25.a3 Nd5 26.Bd2 Rac8 27.Rc1 b6 28.h4 Nc7 29.Rc4 Nb5
30.Rxc8 Rxc8 31.Rc1 Rd8 32.Be3 Nd4 33.Kf2 Nf5 34.g4 Nxh4 35.Rc7 g5 36.fxg5 Bxe5
37.Rxa7 hxg5 38.Nxg5+ Kf6 39.Ne4+ Kf7 40.Ke2 Bxb2 41.Bxb6 Rg8 42.g5 Nf5 43.a4 Rh8
44.a5 Rh2+ 45.Kd3 Rh3+ 46.Kc2 Rh2+ 47.Kb3 Nd4+ 48.Bxd4 Bxd4 49.Nd6+ Kf8 50.Ra8+ Kg7
51.Ne4 Bg1 52.a6  1-0

[Event "Open A"]
[Site "Djakovo CRO"]
[Date "2005.05.02"]
[Round "3"]
[White "Avdic,A"]
[Black "Kutuzovic,B"]
[Result "1-0"]
[WhiteElo "2304"]
[BlackElo "2364"]

1.e4 c5 2.Nf3 d6 3.Bb5+ Nd7 4.O-O Nf6 5.Re1 a6 6.Bf1 b6 7.c4 Bb7 8.Nc3 e6
9.a3 Be7 10.d4 cxd4 11.Nxd4 O-O 12.f3 Rc8 13.Nc2 Qc7 14.Ne3 Rfe8 15.Kh1 Qb8
16.Bd2 Bf8 17.b4 g6 18.Qb3 Bc6 19.a4 Bb7 20.Red1 Qc7 21.Rac1 Ra8 22.Be1 Rec8
23.Qb1 Rd8 24.g3 Rac8 25.f4 Qb8 26.Bg2 h5 27.h3 Qa8 28.g4 hxg4 29.hxg4 a5
30.bxa5 bxa5 31.Bh4 Be7 32.Bg5 Kg7 33.Kh2 Rh8+ 34.Kg3 Nc5 35.e5 Bxg2 36.exf6+ Bxf6
37.Bxf6+ Kxf6 38.Nxg2 Rh3+ 39.Kxh3 Qf3+ 40.Kh2 Qf2 41.Nd5+ exd5 42.Qa1+  1-0

[Event "4NCL"]
[Site "Nottingham ENG"]
[Date "2005.05.02"]
[Round "11"]
[White "Webb,L"]
[Black "Plaskett,J"]
[Result "1/2-1/2"]
[WhiteElo "2336"]
[BlackElo "2490"]

1.e4 c5 2.Nf3 d6 3.Bb5+ Bd7 4.Bxd7+ Qxd7 5.c4 Nc6 6.d4 Qg4 7.O-O Nxd4 8.Nxd4 Qxd1
9.Rxd1 cxd4 10.Rxd4 g6 11.Nc3 Bg7 12.Rd3 Rc8 13.Be3 Rxc4 14.Bxa7 Nf6 15.Bd4 O-O
16.Rad1 Rfc8 17.f3 Nd7 18.Bxg7 Kxg7 19.Nd5 Kf8 20.R3d2 Rc1  1/2-1/2

[Event "62nd ch-POL"]
[Site "Poznan POL"]
[Date "2005.05.02"]
[Round "11"]
[White "Jaracz,P"]
[Black "Czarnota,P"]
[Result "1/2-1/2"]
[WhiteElo "2530"]
[BlackElo "2478"]

1.e4 c5 2.Nf3 d6 3.Bb5+ Bd7 4.Bxd7+ Qxd7 5.O-O g6 6.c3 Nf6 7.Re1 Nc6 8.d4 Bg7
9.d5 Ne5 10.Nxe5 dxe5 11.c4 O-O 12.Nc3 Ne8 13.Be3 b6 14.a3 Nd6 15.Qd3 f5
16.f3 f4 17.Bf2 Rac8 18.Rec1 g5 19.Nb1 g4 20.Nd2 Rf6 21.fxg4 Qxg4 22.Qf3 Qd7
23.b4 Rg6 24.bxc5 bxc5 25.Rab1 Bf6 26.Rb3 Kh8 27.Kh1 Rcg8  1/2-1/2

[Event "23rd Liechtenstein Open"]
[Site "Triesen LIE"]
[Date "2005.05.02"]
[Round "4"]
[White "Brestian,E"]
[Black "Mutzner,A"]
[Result "1/2-1/2"]
[WhiteElo "2415"]
[BlackElo "2121"]

1.e4 c5 2.Nf3 d6 3.Bb5+ Nd7 4.c3 a6 5.Ba4 b5 6.Bc2 Ngf6 7.O-O Bb7 8.Re1 Qc7
9.d3 e5 10.Nbd2 g6 11.Nf1 Bg7 12.Ng3 O-O 13.h4 Rfe8 14.h5 d5 15.hxg6 hxg6
16.Qe2 dxe4 17.dxe4 Nf8 18.Ng5 Ne6 19.Nxe6 Rxe6 20.Bg5 Rd6 21.a4 c4 22.axb5 axb5
23.Rxa8+ Bxa8 24.Ra1 Bb7 25.Nf1 Ra6 26.Rxa6 Bxa6 27.Ne3 Bb7 28.Ng4 Nxg4 29.Qxg4 Bc8
30.Qd1 Be6 31.Kf1 Qd7 32.Qa1 f6 33.Be3 Bf8 34.Ke2 Bg4+ 35.f3 Be6 36.Qa5 Kf7  1/2-1/2

[Event "Presidents Cup"]
[Site "Baku AZE"]
[Date "2005.05.03"]
[Round "3.2"]
[White "Radjabov,T"]
[Black "Mamedov,Nid"]
[Result "1-0"]
[WhiteElo "2673"]
[BlackElo "2463"]

1.e4 c5 2.Nf3 d6 3.Bb5+ Nc6 4.O-O Bd7 5.Re1 Nf6 6.c3 a6 7.Bf1 Bg4 8.d3 g6
9.Nbd2 Bg7 10.h3 Bxf3 11.Nxf3 O-O 12.d4 cxd4 13.cxd4 Rc8 14.Qb3 Na5 15.Qb4 Qc7
16.Bd2 Nc6 17.Qb3 Nd7 18.Be3 e5 19.dxe5 Ncxe5 20.Nxe5 Bxe5 21.Rac1 Nc5 22.Qa3 Qb8
23.Bh6 Rfe8 24.Bc4 Ne6 25.Qb3 Rc7 26.Bd5 Rce7 27.Be3 Bg7 28.Red1 Nc5 29.Bxc5 dxc5
30.Rxc5 Qa7 31.Rc2 b5 32.g3 Kh8 33.Kg2 h5 34.h4 Kh7 35.Rc6 Rd7 36.Rd3 Ree7
37.Rf3 Be5 38.Qa3 a5 39.Qc5 b4 40.b3 Bc3 41.Qc4 Kg7 42.Ra6 Qc7 43.Qb5 Re5
44.Rc6 Qa7 45.Rc8 Ree7 46.a4 Re5 47.Qc6 Ree7 48.Rxc3  1-0

[Event "Open A"]
[Site "Djakovo CRO"]
[Date "2005.05.04"]
[Round "5"]
[White "Avdic,A"]
[Black "Doric,D"]
[Result "0-1"]
[WhiteElo "2304"]
[BlackElo "2368"]

1.e4 c5 2.Nf3 d6 3.Bb5+ Bd7 4.Bxd7+ Qxd7 5.O-O Nf6 6.Qe2 Nc6 7.Rd1 e5 8.c3 Qg4
9.d3 Be7 10.h3 Qe6 11.Nbd2 O-O 12.Nc4 b5 13.Ne3 d5 14.Ng5 Qd7 15.Nxd5 Nxd5
16.exd5 Qxd5 17.Qe4 Qxe4 18.dxe4 Rfd8 19.Be3 Rxd1+ 20.Rxd1 Rd8 21.Ra1 Rd3
22.Nf3 f6 23.Kf1 Na5 24.Ke2 Rd7 25.Nd2 c4 26.b4 cxb3 27.axb3 Nc6 28.Ra6 Rc7
29.b4 Kf8 30.Nb1 Ke8 31.Kd2 Kd7 32.Na3 Rb7 33.Nc2 Rc7 34.Na1 Kc8 35.Nb3 Kb7
36.Ra1 Rd7+ 37.Kc2 a6 38.g4 Nd8 39.f4 exf4 40.Na5+ Kc8 41.Bxf4 Bd6 42.Be3 Ne6
43.Nb3 Kb7 44.Rd1 Kc7 45.Rd5 Be5 46.Bb6+ Kc8 47.Nc5 Rxd5 48.exd5 Nf4 49.Ne6 Nxd5
50.Bc5 Bxc3 51.Kb3 g5 52.Bf8 Be5 53.Nc5 Nf4 54.Ne4 Nxh3 55.Be7 Kd7 56.Bxf6 Bxf6
57.Nxf6+ Ke6 58.Nxh7 Kf7 59.Kc3 Kg7 60.Nxg5 Nxg5 61.Kd4 Kf6 62.Kc5 Ne4+ 63.Kb6 Kg5
64.Kxa6 Nc3 65.Kb6 Kxg4 66.Kc5 Kf4 67.Kd4  0-1

[Event "ch-FRA Top 16 Poule Basse"]
[Site "Port Barcares FRA"]
[Date "2005.05.04"]
[Round "8"]
[White "Maze,S"]
[Black "Ward,C"]
[Result "1/2-1/2"]
[WhiteElo "2470"]
[BlackElo "2485"]

1.e4 c5 2.Nf3 d6 3.Bb5+ Bd7 4.Bxd7+ Qxd7 5.c4 Nc6 6.Nc3 e5 7.d3 g6 8.O-O f5
9.exf5 gxf5 10.Nd5 O-O-O 11.b4 Nge7 12.b5 Nd4 13.Nxd4 Nxd5 14.Ne2 Nc7 15.b6 axb6
16.Rb1 Qc6 17.Qb3 Rg8 18.f3 d5 19.Qxb6  1/2-1/2

[Event "23rd Liechtenstein Open"]
[Site "Triesen LIE"]
[Date "2005.05.04"]
[Round "6"]
[White "Hoellrigl,W"]
[Black "Ramseier,Ju"]
[Result "1/2-1/2"]
[WhiteElo "2234"]
[BlackElo "1999"]

1.e4 c5 2.Nf3 d6 3.Bb5+ Nd7 4.d4 cxd4 5.Qxd4 Nf6 6.O-O a6 7.Bxd7+ Bxd7 8.Bg5 Rc8
9.Nc3 Qc7 10.Rfe1 Qc5 11.Qd2 e6 12.e5 dxe5 13.Nxe5 Bc6 14.Nxc6 Qxc6 15.Bxf6 gxf6
16.Nd5 Be7 17.Nxe7 Kxe7 18.Qb4+ Ke8 19.Rad1 Rg8 20.g3 Rc7 21.Re4 Rg5 22.Red4 Rc5
23.Rd8+ Ke7 24.Rh8 a5 25.Qg4 Rd5 26.Re1 Rg5 27.Qd4 Rd5 28.Qa7 Rc8 29.Rxc8 Qxc8
30.c3 Qd7 31.Qe3 Re5  1/2-1/2

[Event "Capablanca Mem Premier 2"]
[Site "Havana CUB"]
[Date "2005.05.06"]
[Round "1"]
[White "Fernandez Garcia,Jo"]
[Black "Perez,Or"]
[Result "1-0"]
[WhiteElo "2468"]
[BlackElo "2439"]

1.e4 c5 2.Nf3 d6 3.Bb5+ Nd7 4.d4 Nf6 5.Nc3 cxd4 6.Qxd4 e5 7.Qd3 h6 8.Nd2 a6
9.Bxd7+ Bxd7 10.Nc4 Be6 11.Ne3 Be7 12.O-O O-O 13.a4 Rc8 14.b3 Qc7 15.Bb2 Rfd8
16.a5 Bf8 17.Rfd1 Nd7 18.Rd2 Nf6 19.Ncd5 Nxd5 20.Nxd5 Bxd5 21.Qxd5 Qc6 22.c4 Qxd5
23.Rxd5 f6 24.Bc1 Kf7 25.Be3 Ke6 26.Kf1 Be7 27.Ke2 g6 28.g4 Rh8 29.Rg1 g5
30.Kd3 h5 31.h3 hxg4 32.hxg4 Rh3 33.b4 Rch8 34.Kc3 Rh1 35.Rdd1 Rxg1 36.Rxg1 Bd8
37.Kb3 Bc7 38.Ka4 Kf7 39.Rb1 Ke6 40.b5 Ra8 41.bxa6 Rxa6 42.Bd2 Ra7 43.Kb5 Kf7
44.Rh1 Kg7 45.Rc1 Kf7 46.c5 dxc5 47.Rxc5 Bd8 48.Rc8 Ke7 49.Bb4+ Kd7 50.Rxd8+ Kxd8
51.Kb6 Ra8 52.Kxb7 Rc8 53.a6 Rc4 54.Ba5+  1-0

[Event "Capablanca Mem Mixto"]
[Site "Havana CUB"]
[Date "2005.05.06"]
[Round "1"]
[White "Arribas,M"]
[Black "Pina,S"]
[Result "1/2-1/2"]
[WhiteElo "2280"]
[BlackElo "2330"]

1.e4 c5 2.Nf3 d6 3.Bb5+ Nd7 4.O-O Nf6 5.Re1 a6 6.Bxd7+ Nxd7 7.d4 e6 8.c4 Be7
9.Nc3 cxd4 10.Qxd4 O-O 11.b3 b5 12.Bb2 Bf6 13.Qxd6 bxc4 14.Qc6 Bb7 15.Qxc4 Rc8
16.Qd3 Nc5 17.Qxd8 Rfxd8 18.e5 Nd3 19.exf6 Nxb2 20.Ne4 Nd3 21.Re3 Nb4 22.Ne1 Rd4
23.f3 Nc2 24.Nxc2 Rxc2 25.a3 Bxe4 26.Rxe4 Rxe4 27.fxe4 gxf6  1/2-1/2

[Event "ch-FRA Top 16 Poule Basse"]
[Site "Port Barcares FRA"]
[Date "2005.05.06"]
[Round "10"]
[White "Sarthou,G"]
[Black "Hinks Edwards,T"]
[Result "1-0"]
[WhiteElo "2398"]
[BlackElo "2356"]

1.e4 c5 2.Nf3 d6 3.Bb5+ Nd7 4.d4 Nf6 5.Nc3 a6 6.Bxd7+ Nxd7 7.d5 g6 8.Bf4 Bg7
9.Qd2 b5 10.Bh6 Bf6 11.O-O Qc7 12.Rfe1 Bb7 13.Qe2 Nb6 14.a4 b4 15.a5 bxc3
16.axb6 Qd8 17.Rab1 cxb2 18.c4 e5 19.dxe6 fxe6 20.e5 dxe5 21.Nxe5 Qd6 22.Qg4 Bc8
23.Nxg6 e5 24.b7  1-0

[Event "FSIM May"]
[Site "Budapest HUN"]
[Date "2005.05.07"]
[Round "1"]
[White "Charleshouse,G"]
[Black "Koneru,C"]
[Result "1/2-1/2"]
[WhiteElo "2212"]
[BlackElo "2305"]

1.e4 c5 2.Nf3 d6 3.Bb5+ Bd7 4.Bxd7+ Qxd7 5.c4 e5 6.Nc3 Ne7 7.O-O g6 8.d3 Bg7
9.Nd5 Nbc6 10.a3 Nxd5 11.cxd5 Nd4 12.Nxd4 cxd4 13.Qb3 O-O 14.Bd2 f5 15.f3 fxe4
16.dxe4 Rac8 17.Rac1 Rxc1 18.Rxc1 Rc8 19.Rc4 Bf6 20.a4 Rc7 21.Kf1 Qc8 22.Rxc7 Qxc7
23.Ke2 Kg7 24.Kd3 Be7 25.Qc4 Qxc4+ 26.Kxc4 Kf7 27.f4 Ke8 28.b3 Kd7 29.g3 Bf8
30.h3 Be7 31.Kd3 Bf6 32.g4 Bd8 33.f5 g5 34.Ke2 Bf6 35.Kf3 h6 36.h4 Kc7 37.Ke2 Kd7
38.hxg5 hxg5 39.Kd3 Kc7 40.Ba5+ b6 41.Bb4 a6 42.Kc4 Kd7 43.Ba3 Kc7 44.b4 Kd7
45.b5 a5  1/2-1/2

[Event "Torch Real Estate Cup"]
[Site "Wuxi CHN"]
[Date "2005.05.10"]
[Round "9"]
[White "Ni Hua"]
[Black "Lin Weiguo"]
[Result "1/2-1/2"]
[WhiteElo "2638"]
[BlackElo "2448"]

1.e4 c5 2.Nf3 d6 3.Bb5+ Bd7 4.Bxd7+ Qxd7 5.O-O Nf6 6.Re1 Nc6 7.c3 e6 8.d3 Be7
9.Nbd2 O-O 10.Nf1 Ne5 11.Ng3 Qb5 12.c4 Qb6 13.Ng5 Nfd7 14.Nh3 Nc6 15.f4 Bf6
16.Kh1 Qd8 17.Rb1 Rb8 18.Ng5  1/2-1/2

[Event "Capablanca Mem Mixto"]
[Site "Havana CUB"]
[Date "2005.05.11"]
[Round "5"]
[White "Arribas,M"]
[Black "Pazos Gambarrotti,P"]
[Result "1/2-1/2"]
[WhiteElo "2280"]
[BlackElo "2421"]

1.e4 c5 2.Nf3 d6 3.Bb5+ Nd7 4.O-O a6 5.Bxd7+ Bxd7 6.d4 cxd4 7.Qxd4 e5 8.Qd3 h6
9.c4 Nf6 10.Nc3 Be7 11.a4 O-O 12.b3 b5 13.axb5 axb5 14.Rxa8 Qxa8 15.cxb5 Rb8
16.Bb2 Qb7 17.Ra1 Bxb5 18.Nxb5 Qxb5 19.Qxb5 Rxb5 20.Nd2 d5 21.Bxe5 Nxe4 22.Nxe4 dxe4
23.Bd4 Rxb3 24.g3 Rd3 25.Be3 Rd5 26.Ra8+ Kh7 27.Ra7 Re5 28.Kg2 h5 29.h4 f6
30.Kh3 Kg6 31.Rc7 Bd6 32.Rd7 Bc5 33.Bxc5 Rxc5 34.Re7 f5 35.Kg2 Kf6 36.Re8 Re5
37.Rh8 Kg6 38.Ra8 e3 39.fxe3 Rxe3 40.Rf8 Rb3 41.Kf2 Rb6 42.Kf3 Rf6 43.Rh8 Rf7
44.Kf4 Ra7 45.Kf3 Ra3+ 46.Kg2 Ra4 47.Kf3 Rg4 48.Rf8 Rc4 49.Ke3 Rc6 50.Kf3 Rf6
51.Rh8 Rf7 52.Kf4 Ra7 53.Kf3 Kf6 54.Rxh5 Ke5 55.Rh8 Ra3+ 56.Kg2 Ra2+ 57.Kf3 Ra3+
58.Kg2 Ra2+ 59.Kf3 Ra3+ 60.Kg2 Ra2+  1/2-1/2

[Event "ch-EST"]
[Site "Tallinn EST"]
[Date "2005.05.11"]
[Round "3"]
[White "Zavoronkov,V"]
[Black "Kulaots,K"]
[Result "1/2-1/2"]
[WhiteElo "2399"]
[BlackElo "2572"]

1.e4 c5 2.Nf3 d6 3.Bb5+ Nd7 4.c3 Nf6 5.Qe2 a6 6.Ba4 e5 7.O-O Be7 8.d4 b5
9.Bc2 O-O 10.a4 Rb8 11.axb5 axb5 12.h3 Re8 13.d5 c4 14.Be3 Qc7 15.Nbd2 Nc5
16.Nh2 Nfd7 17.Ng4 Nf8 18.Ra2 Bb7 19.Qf3 Ra8 20.Raa1 Rxa1 21.Rxa1 Ra8 22.Rxa8 Bxa8
23.Nf1 Bb7 24.Ng3 Bc8 25.Nf5 Bxf5 26.exf5 Nfd7 27.f6 Nxf6 28.Nxf6+ Bxf6 29.Qf5 Nd3
30.Bxd3 cxd3 31.Qxd3 Qc4 32.Qxc4 bxc4 33.Kf1 Bd8 34.Ke2 f5 35.Kd2 Kf7 36.Kc2 Kf6
37.b4 cxb3+ 38.Kxb3 f4 39.Ba7 Kf5 40.c4 e4 41.c5 dxc5 42.Bxc5 Ke5 43.Kc4 g5
44.Ba7 h5 45.Bb8+ Kf5 46.d6 Ke6 47.Kd4 e3 48.fxe3 Bb6+ 49.Kd3 fxe3 50.Bc7 Bc5
51.Bd8 g4 52.hxg4 hxg4 53.Bg5 Bxd6  1/2-1/2

[Event "ch-LTU"]
[Site "Siauliai LTU"]
[Date "2005.05.12"]
[Round "8"]
[White "Novikov,Vi"]
[Black "Zagorskis,D"]
[Result "1/2-1/2"]
[WhiteElo "2338"]
[BlackElo "2482"]

1.e4 c5 2.Nf3 d6 3.Bb5+ Bd7 4.Bxd7+ Nxd7 5.O-O Ngf6 6.Qe2 e6 7.b3 Be7 8.Bb2 O-O
9.c4 a6 10.d4 cxd4 11.Nxd4 Qa5 12.Nc3 Qh5 13.f3 Rfd8 14.Kh1  1/2-1/2

[Event "Torch Real Estate Cup"]
[Site "Wuxi CHN"]
[Date "2005.05.13"]
[Round "12"]
[White "Wu Kaiyu"]
[Black "Lin Chen"]
[Result "1/2-1/2"]
[WhiteElo "2294"]
[BlackElo "2332"]

1.e4 c5 2.Nf3 d6 3.Bb5+ Nc6 4.O-O Bd7 5.Re1 Nf6 6.h3 a6 7.Bf1 e5 8.c3 Be7
9.d4 b5 10.a4 Rb8 11.axb5 axb5 12.Na3 c4 13.b3 cxb3 14.Qxb3 b4 15.Nc4 bxc3
16.Qxc3 exd4 17.Nxd4 O-O 18.Ba3 d5 19.Nxc6 Bxc6 20.Ne5 Ba8 21.Bxe7 Qxe7 22.exd5 Nxd5
23.Qd2 Qb4 24.Qxb4 Rxb4 25.Nd7 Rd8 26.Red1 Bb7 27.Nc5 Kf8 28.g3 Bc6 29.Bg2 Rb5
30.Rac1 Ke7 31.Re1+ Kf8 32.Ne6+ fxe6 33.Rxc6 Re8 34.Rcxe6 Rxe6 35.Rxe6 Nf6
36.Bf3 Ra5 37.Rb6 Kf7 38.Kg2 h6 39.Be2 Kf8 40.Bd3 Rd5 41.Bc4 Rd7 42.Rb8+ Ke7
43.f4 Rd8 44.Rb3 Rd4 45.Be2 Re4 46.Rb7+ Nd7 47.Rb2 Kf6 48.Kf3 Rd4  1/2-1/2

[Event "Torch Real Estate Cup"]
[Site "Wuxi CHN"]
[Date "2005.05.13"]
[Round "12"]
[White "Wei Chenpeng"]
[Black "Xu Jun"]
[Result "1/2-1/2"]
[WhiteElo "2406"]
[BlackElo "2582"]

1.e4 c5 2.Nf3 d6 3.Bb5+ Nd7 4.d4 Nf6 5.Nc3 cxd4 6.Qxd4 e5 7.Qd3 h6 8.Be3 a6
9.Bc4 Be7 10.a4 Qc7 11.O-O Nc5 12.Bxc5 Qxc5 13.Nd5 Nxd5 14.Bxd5 O-O 15.Nd2 Rb8
16.Ra3 Bd7 17.Qe3 Qa5 18.Rfa1 b5 19.Nb3 Qb6 20.axb5 axb5  1/2-1/2

[Event "Young Stars of the World"]
[Site "Kirishi RUS"]
[Date "2005.05.15"]
[Round "2"]
[White "Mamedov,Rau"]
[Black "Sjugirov,S"]
[Result "1-0"]
[WhiteElo "2511"]
[BlackElo "2381"]

1.e4 c5 2.Nf3 d6 3.Bb5+ Bd7 4.Bxd7+ Qxd7 5.O-O Nc6 6.c3 Nf6 7.Re1 e6 8.d4 cxd4
9.cxd4 d5 10.e5 Ne4 11.Nbd2 Nxd2 12.Bxd2 Be7 13.Rc1 O-O 14.Rc3 Rfc8 15.a3 b5
16.Rd3 Qd8 17.h4 h6 18.h5 b4 19.Nh2 bxa3 20.bxa3 Qf8 21.Ng4 Rab8 22.Qa4 Rb6
23.Rc3 Nb8 24.Qxa7 Rxc3 25.Qxb6 Rc2 26.Bb4 Bxb4 27.axb4 Rb2 28.b5 Qe8 29.Rc1 Rxb5
30.Qc7 Nd7 31.Qa7 Rb8 32.Rc7 Nb6 33.Re7 Qf8 34.Rxf7  1-0

[Event "53rd ch-HUN w"]
[Site "Szeged HUN"]
[Date "2005.05.15"]
[Round "4"]
[White "Lakos,N"]
[Black "Madl,I"]
[Result "1/2-1/2"]
[WhiteElo "2342"]
[BlackElo "2375"]

1.e4 c5 2.Nf3 d6 3.Bb5+ Bd7 4.Bxd7+ Nxd7 5.O-O Ngf6 6.Qe2 e6 7.c4 Be7 8.d4 cxd4
9.Nxd4 O-O 10.Nc3 a6 11.b3 Qa5 12.Bd2 Qc5 13.Be3 Qa5  1/2-1/2

[Event "48th TCh-SCG"]
[Site "Herceg Novi SCG"]
[Date "2005.05.17"]
[Round "3"]
[White "Vujosevic,V"]
[Black "Savic,Miom"]
[Result "0-1"]
[WhiteElo "2371"]
[BlackElo "2269"]

1.e4 c5 2.Nf3 d6 3.Bb5+ Bd7 4.Bxd7+ Qxd7 5.O-O Nf6 6.Re1 Nc6 7.c4 g6 8.Nc3 Bg7
9.d4 cxd4 10.Nxd4 O-O 11.Nc2 Rac8 12.b3 Rfd8 13.Bb2 Nh5 14.Qd2 Ne5 15.Nd4 Rxc4
16.bxc4 Nxc4 17.Qe2 Nxb2 18.Qxb2 Bxd4 19.Qd2 Be5 20.Rab1 b6 21.Nd5 e6 22.Ne3 Qe7
23.g3 Bg7 24.Rbc1 Nf6 25.f3 Nd7 26.Ng4 Nc5 27.Rcd1 h5 28.Nf2 Qb7 29.Kg2 Qe7
30.e5 d5 31.Qf4 Kh7 32.h4 Bh6 33.Qb4 Rg8 34.f4 Rc8 35.Rh1 Qb7 36.Qd4 Qa6
37.Qd2 Qa4 38.Rc1 Rd8 39.Rhd1 Rd7 40.Qb2 d4  0-1

[Event "ch-UKR w"]
[Site "Alushta UKR"]
[Date "2005.05.18"]
[Round "3"]
[White "Gritsayeva,O"]
[Black "Aksionova,T"]
[Result "0-1"]
[WhiteElo "2262"]
[BlackElo "2219"]

1.e4 c5 2.Nf3 d6 3.Bb5+ Bd7 4.Bxd7+ Qxd7 5.O-O Nf6 6.e5 dxe5 7.Nxe5 Qd6 8.Nc4 Qd8
9.d3 Nc6 10.Bf4 e6 11.Nc3 Be7 12.Ne4 O-O 13.Nxf6+ Bxf6 14.a4 Qd4 15.Qf3 Rfd8
16.Rfd1 Qd5 17.c3 Qxf3 18.gxf3 Rd5 19.Kf1 Rf5 20.Bd6 Rd8 21.Ke2 b6 22.Bg3 Rfd5
23.Ra3 h5 24.h3 h4 25.Bc7 R8d7 26.Bf4 Bg5 27.Bh2 Bf6 28.Ne3 Rg5 29.Raa1 Rh5
30.Ng4 Be7 31.Rg1 Kh7 32.Ne3 Bd6 33.Bxd6 Rxd6 34.f4 Rd8 35.Rg4 Ne7 36.Rag1 Ng6
37.Kd2 Rd7 38.Kc2 Rh6 39.Rg5 f6 40.f5 fxg5 41.fxg6+ Rxg6 42.Ng4 Rd5 43.Re1 Rf5
44.Re3 e5 45.Kd2 Re6 46.Ke2 Rf4 47.b3 e4 48.Kf1 Rf3 49.d4 cxd4 50.cxd4 Rd6
51.Rxe4 Rxh3 52.Ne3 Rf3 53.Re5 Rxd4 54.Rxg5 Rdf4 55.Ke2 Rxf2+ 56.Kd3 R2f3
57.Ke2 Rg3 58.Re5 h3 59.Nd5 Rh4  0-1

[Event "HB Global CC"]
[Site "Minneapolis USA"]
[Date "2005.05.18"]
[Round "1"]
[White "Zelkind,E"]
[Black "Gurevich,D"]
[Result "0-1"]
[WhiteElo "2257"]
[BlackElo "2515"]

1.e4 c5 2.Nf3 d6 3.Bb5+ Bd7 4.Bxd7+ Qxd7 5.O-O Nc6 6.c4 Nf6 7.Nc3 e6 8.d4 cxd4
9.Nxd4 Be7 10.Be3 O-O 11.Qe2 Rfd8 12.Rad1 Rac8 13.f4 a6 14.b3 Qc7 15.Qf3 Qa5
16.Rc1 Nxd4 17.Bxd4 b5 18.cxb5 axb5 19.Kh1 d5 20.exd5 b4 21.Na4 Rxc1 22.Rxc1 Qxd5
23.Qxd5 Nxd5 24.g3 h5 25.Bb2 Ne3 26.Re1 Nf5 27.Re2 h4 28.Kg2 hxg3 29.hxg3 Rd3
30.Nb6 Rxg3+ 31.Kh2 Rg4  0-1

[Event "HB Global CC"]
[Site "Minneapolis USA"]
[Date "2005.05.18"]
[Round "1"]
[White "Benjamin,Joe"]
[Black "Cheng,X"]
[Result "1-0"]
[WhiteElo "2563"]
[BlackElo "2234"]

1.e4 c5 2.Nf3 d6 3.Bb5+ Bd7 4.Bxd7+ Qxd7 5.c4 Nf6 6.Nc3 Nc6 7.O-O g6 8.d4 cxd4
9.Nxd4 Bg7 10.Nde2 O-O 11.f3 a6 12.a4 e6 13.Bg5 h6 14.Bh4 Qe7 15.b3 Ne5 16.Ra2 Rad8
17.Rd2 Qc7 18.Kh1 Rd7 19.h3 g5 20.Bf2 Ng6 21.Bd4 b6 22.Qa1 Qb7 23.Ng3 e5
24.Bf2 Nh4 25.Rfd1 Qc8 26.Kh2 Qc6 27.Qa3 Rfd8 28.Qb4 Bf8 29.Nd5 Nxd5 30.cxd5 Qc8
31.Bxb6 Rb7 32.a5 Re8 33.Qa4 Ng6 34.b4 Nf4 35.Rc2  1-0

[Event "HB Global CC"]
[Site "Minneapolis USA"]
[Date "2005.05.18"]
[Round "1"]
[White "Rowley,R"]
[Black "Matikozian,A"]
[Result "1/2-1/2"]
[WhiteElo "2282"]
[BlackElo "2515"]

1.e4 c5 2.Nf3 d6 3.Bb5+ Nd7 4.c3 Nf6 5.Qe2 a6 6.Ba4 b5 7.Bc2 e5 8.d4 Be7
9.O-O O-O 10.dxc5 dxc5 11.Rd1 Qc7 12.Nbd2 Re8 13.a4 Rb8 14.axb5 axb5 15.Nf1 c4
16.Ne3 Nc5 17.Nd5 Nxd5 18.exd5 Bg4 19.h3 Bh5 20.d6 Bxd6 21.Bxh7+ Kh8 22.g4 Bg6
23.Bxg6 fxg6 24.Ng5 Rf8 25.Be3 Be7 26.Bxc5 Bxc5 27.Ne4 Rf4 28.Rd5 Bb6 29.Kg2 Qc6
30.Rad1 Bd4 31.R5xd4 exd4 32.Rxd4 Qc7 33.f3 Rd8 34.Ng5 Rfxd4 35.cxd4 Qd7
36.Qe1 Kg8 37.Qh4 Qd5 38.Qh7+ Kf8 39.Qh8+ Qg8 40.Qh4 Rxd4 41.Qf2 Rd5 42.Qe3 Rxg5  1/2-1/2

[Event "ch-RUS w"]
[Site "Samara RUS"]
[Date "2005.05.19"]
[Round "5"]
[White "Kosintseva,T"]
[Black "Galliamova,A"]
[Result "1/2-1/2"]
[WhiteElo "2486"]
[BlackElo "2469"]

1.e4 c5 2.Nf3 d6 3.Bb5+ Nc6 4.d4 cxd4 5.Qxd4 Bd7 6.Bxc6 Bxc6 7.Nc3 Nf6 8.Bg5 e6
9.O-O-O Be7 10.Qd3 Qa5 11.h4 h6 12.Bd2 Qa6 13.Qxa6 bxa6 14.Rde1 O-O 15.Nd4 Bb7
16.f3 Nd7 17.Nb3 Rac8 18.Be3 Nb6 19.Rd1 Rc7 20.Na5 Ba8 21.Bf4 Rd7 22.Rd3 f5
23.Be3 Rc7 24.exf5 Rxf5 25.Nb3 Nc4 26.Bf2 Rf6 27.h5 Rf8 28.Bh4 Bf6 29.Bxf6 gxf6
30.Nd2 Nxd2 31.Rxd2 d5 32.Re1 Kf7 33.Ne2 e5 34.f4 Rg8 35.fxe5 fxe5 36.Ng1 e4
37.Rf2+ Ke8 38.Ne2 Rf7 39.Ref1 Rxf2 40.Rxf2 Rg5 41.Nf4 Kd7 42.c3 Bc6 43.Kd2 Kd6
44.Ke3 Rg3+ 45.Kd4 Bb5 46.b3 e3 47.Rc2 e2 48.Rc1 Rg4 49.Ke3 Ke5 50.Nd3+ Kf5
51.Kxe2 Rxg2+ 52.Kf3 Rxa2 53.c4 dxc4 54.bxc4 Bc6+ 55.Ke3 Rh2 56.Ra1 Rh3+
57.Kd4 Rh4+ 58.Kc3 Bb7 59.Ra5+ Kg4 60.Ne5+ Kg3 61.Nf7 Bf3 62.Nxh6 Rxh5 63.Rxa6 Be2
64.Nf7 Rc5 65.Nd6 Rc7 66.Kd4 Rd7 67.Ra3+ Kf4 68.c5 Bf3 69.Rb3 Rh7 70.Rb8 Rh1
71.Rf8+ Kg4 72.Nc4 Rd1+ 73.Ke3 Re1+ 74.Kd2 Rd1+ 75.Kc2 Re1 76.Rf6 Bd5 77.Nd2 Re6
78.Rxe6  1/2-1/2

[Event "ch-LAT w"]
[Site "Riga LAT"]
[Date "2005.05.21"]
[Round "10"]
[White "Berzina,I"]
[Black "Rogule,L"]
[Result "1/2-1/2"]
[WhiteElo "2295"]
[BlackElo "2278"]

1.e4 c5 2.Nf3 d6 3.Bb5+ Bd7 4.Bxd7+ Qxd7 5.O-O Nc6 6.c3 Nf6 7.Qe2 e6 8.d4 cxd4
9.cxd4 d5 10.e5 Ne4 11.Be3 Be7 12.Ne1 f6 13.f3 Ng5 14.Nd3  1/2-1/2

[Event "Chigorin CC"]
[Site "St Petersburg RUS"]
[Date "2005.05.21"]
[Round "6"]
[White "Vorobiov,D"]
[Black "Prosunchikov,G"]
[Result "1-0"]
[WhiteElo "2099"]
[BlackElo "1990"]

1.e4 c5 2.Nf3 d6 3.Bb5+ Bd7 4.Bxd7+ Qxd7 5.O-O g6 6.c3 Bg7 7.d4 cxd4 8.cxd4 Nc6
9.Nc3 e6 10.Re1 Nge7 11.d5 Ne5 12.Nd4 h5 13.dxe6 fxe6 14.Ndb5 Nf7 15.Bf4 e5
16.Be3 a6 17.Na3 b5 18.Nd5 Qb7 19.Nxe7 Kxe7 20.Nc2 a5 21.b4 a4 22.Qd2 Bf6
23.Rad1 Qxe4 24.Bc5 Qc6 25.Nd4 Qa6 26.Qc2 dxc5 27.Qxc5+ Ke8 28.Nxb5 Bd8 29.Nd6+ Kf8
30.b5 Qa7 31.Qd5 Bb6 32.Nxf7 Bxf2+ 33.Kh1 Qxf7 34.Qxa8+ Kg7 35.Qc6 Bd4 36.Qd6 Qf2
37.Rxe5 Rf8 38.Re7+ Kh6 39.h3 Bc5 40.Qd7 Bxe7 41.Qxe7 Rf7 42.Qe5 Qxa2 43.Rd8 Qb1+
44.Kh2 Rg7 45.Rh8+ Rh7 46.Qf4+ g5 47.Qf8+  1-0

[Event "Chigorin CC"]
[Site "St Petersburg RUS"]
[Date "2005.05.21"]
[Round "6"]
[White "Zamyshlyaev,V"]
[Black "Stotika,V"]
[Result "1/2-1/2"]
[WhiteElo "2227"]
[BlackElo "2309"]

1.e4 c5 2.Nf3 d6 3.Bb5+ Bd7 4.Bxd7+ Qxd7 5.c4 Nc6 6.O-O g6 7.Nc3 Bg7 8.d3 e6
9.Bg5 Nge7 10.Qd2 h6 11.Be3 Nd4 12.Bxd4 cxd4 13.Ne2 e5 14.Ne1 O-O 15.b4 a5
16.Nc2 axb4 17.Nxb4 f5 18.f3 Kh7 19.exf5 gxf5 20.Ng3 b5 21.Rfc1 bxc4 22.Rxc4 Bf6
23.f4 Rfc8 24.Nh5 Bh8 25.Rac1 Rxc4 26.Rxc4 Kg6 27.Ng3 Bf6 28.Qc1 Ra7 29.fxe5 dxe5
30.Nc6  1/2-1/2

[Event "TCh-ROM A"]
[Site "Tusnad ROM"]
[Date "2005.05.23"]
[Round "3"]
[White "Nemeth,F"]
[Black "Todoran,I"]
[Result "1-0"]
[WhiteElo "2405"]
[BlackElo "2133"]

1.e4 c5 2.Nf3 d6 3.Bb5+ Nd7 4.c3 Nf6 5.Qe2 a6 6.Ba4 b5 7.Bc2 e5 8.d4 Be7
9.O-O O-O 10.a4 Rb8 11.axb5 axb5 12.b3 Qc7 13.d5 h6 14.Nh4 Nh7 15.Nf5 Bg5
16.Na3 Qb6 17.Bxg5 hxg5 18.Ne7+ Kh8 19.Nc6 Rb7 20.Bd3 b4 21.Nb5 bxc3 22.Nxd6 Nhf6
23.Ba6 g6 24.Rfc1 c4 25.b4 Nb8 26.Nxc8 Rxc8 27.Bxb7 Qxb7 28.Ra7 Qb6 29.Ra8 Rxc6
30.dxc6 Kg7 31.Qxc4  1-0